| 000 | 00423nam a2200181Ia 4500 | ||
|---|---|---|---|
| 005 | 20240823024748.0 | ||
| 008 | 240823s9999||||xx |||||||||||||| ||und|| | ||
| 041 | _aENGLISH | ||
| 082 | _A515.62 L1 | ||
| 100 | _a"Passman,Donald S" | ||
| 245 | 0 | _aInfinite Group Rings | |
| 250 | _a1st | ||
| 260 |
_c1971 _b"Marcel,New York" |
||
| 500 | _aTransfered | ||
| 650 |
_aGroups _bMathematics |
||
| 942 | _cBK | ||
| 999 |
_c184692 _d184692 |
||